Thực hành điều trị thú y : Phòng và trị một số bệnh thường gặp ở vật nuôi
Đã lưu trong:
| 主要作者: | |
|---|---|
| 格式: | 图书 |
| 语言: | Undetermined |
| 出版: |
Hà Nội
Nông nghiệp
2004
|
| 主题: | |
| 标签: |
添加标签
没有标签, 成为第一个标记此记录!
|
| Thư viện lưu trữ: | Trung tâm Học liệu Trường Đại học Cần Thơ |
|---|
| LEADER | 00640nam a2200205Ia 4500 | ||
|---|---|---|---|
| 001 | CTU_96957 | ||
| 008 | 210402s9999 xx 000 0 und d | ||
| 020 | |c 19500 | ||
| 082 | |a 636.089 | ||
| 082 | |b L116 | ||
| 100 | |a Phạm, Sĩ Lăng | ||
| 245 | 0 | |a Thực hành điều trị thú y : | |
| 245 | 0 | |b Phòng và trị một số bệnh thường gặp ở vật nuôi | |
| 245 | 0 | |c Phạm Sĩ Lăng, Lê Thị Tài | |
| 260 | |a Hà Nội | ||
| 260 | |b Nông nghiệp | ||
| 260 | |c 2004 | ||
| 650 | |a Veterinary medicine | ||
| 904 | |i Minh | ||
| 980 | |a Trung tâm Học liệu Trường Đại học Cần Thơ | ||